| 000 | 01219nam a2200289 a 4500 | ||
|---|---|---|---|
| 001 | 000026280 | ||
| 005 | 20240520190011.0 | ||
| 008 | 110309s1993 dr acd 001 0cspa d | ||
| 040 |
_aDO-SdBNP _bspa _cBNPHU |
||
| 082 |
_a291.0922 _bP933a |
||
| 100 | 1 |
_aPrieto Nouel, Luis José Américo, _d1949- _953306 |
|
| 245 | 1 | 0 |
_aArzobispo Adolfo Alejandro Nouel y Bobadilla y su familia : _binvestigación genealógica / _cLuis José Américo Prieto Nouel. |
| 260 |
_aSanto Domingo : _bTaller, _c1993. |
||
| 300 |
_a615 p. : _bil., retrs. ; _c23 cm. |
||
| 490 | 1 |
_aInstituto Dominicano de Genealogía _v4 |
|
| 590 | _aLa biblioteca posee dos ejemplares autografiados. | ||
| 590 | _aInventariado, 2018/VM | ||
| 500 | _aIncluye datos biográficos del autor en la solapa de la cubierta. | ||
| 600 | 1 | 4 |
_aNOUEL Y BOBADILLA, ADOLFO ALEJANDRO, _d1862-1937, _vFAMILIA _953307 |
| 600 | 1 | 4 |
_aNOUEL Y BOBADILLA (FAMILIA) _xGENEALOGÍA _953308 |
| 650 | 0 |
_aClero _919068 |
|
| 650 | 4 |
_aIglesia católica _zRepública Dominicana _xHistoria _9358 |
|
| 651 | 4 |
_aRepública Dominicana _xGenealogía _92157 |
|
| 650 | 4 |
_aParentesco _92156 |
|
| 830 | 0 |
_aInstituto Dominicano de Genealogía _n4 _953309 |
|
| 910 | _aValidado. Control de calidad EMS | ||
| 999 |
_c25772 _d25772 |
||